000 00740nam a2200253Ia 4500
003 OSt
005 20220927105859.0
006 a|||||r|||| 00| 0
007 ta
008 220926b |||||||| |||| 00| 0 eng d
024 _a28118
037 _cReference Collections
040 _aRTL
_cRTL
_beng
041 _2eng
_aeng
082 _a"X:54.3.N6, K3"
110 _a"London, Ferderation of British Industries"
_9375527
245 0 _aOverseas trade policy
260 _aLONODON
_b21 TOTHILL STREET
_c1963
300 _a"v,42p"
_ccm.
650 _aTrade
700 _a"London, Ferderation of British Industries"
_9375528
942 _h"X:54.3.N6, K3"
_cCC
999 _c695054
_d695054